| 000 | 00873nam a2200241Ia 4500 | ||
|---|---|---|---|
| 999 |
_c36138 _d36138 |
||
| 001 | 2038 | ||
| 003 | GE_BSU | ||
| 005 | 20221007111838.0 | ||
| 008 | 181216s2008ru xx |||||||||||||| ||rus|| | ||
| 020 | _a9785238013282 | ||
| 040 | _cGE_BSU | ||
| 041 | _arus | ||
| 080 | _a347.6(470)(075.8) С-30 | ||
| 245 |
_aСемейное право : _bУчебники для вузов / _cПод ред. Алексия,П.В. И.В. Петрова |
||
| 250 | _a3-е изд. доп. и перераб | ||
| 264 |
_aМосква : _bЮнити.Закон и право, _c2008. |
||
| 300 | _a319 стр.: | ||
| 653 | _aСемейное право | ||
| 653 | _aსაოჯახო სამართალი | ||
| 700 |
_aАлексия,П.В _eრედაქტორი _915128 |
||
| 700 |
_aПетрова, И.В. _eრედაქტორი _915129 |
||
| 942 |
_cBK _2udc |
||